[Event "URS-ch44 First League"]
[Site "Minsk"]
[Date "1976.??.??"]
[Round "?"]
[White "Beliavsky, Alexander"]
[Black "Ivanov, Igor V"]
[Result "0-1"]
[WhiteElo "2560"]
[BlackElo "2365"]
[PlyCount "80"]
[GameId "1114897962659840"]
[EventDate "1976.10.??"]
[EventType "tourn"]
[EventRounds "17"]
[EventCountry "URS"]
[SourceTitle "EXT 2001"]
[Source "ChessBase"]
[SourceDate "2000.11.22"]
[SourceVersion "1"]
[SourceVersionDate "2000.11.22"]
[SourceQuality "1"]

1. Nf3 d5 2. c4 e6 3. g3 Nf6 4. Bg2 Be7 5. O-O O-O 6. d4 dxc4 7. Qc2 a6 8. Qxc4 b5 9. Qc2 Bb7 10. Bf4 Nd5 11. Nbd2 Nd7 12. Nb3 c5 13. dxc5 Rc8 14. Rad1 Nxc5 15. e4 Nd7 16. Qd3 N5f6 17. e5 Nd5 18. Rfe1 Nxf4 19. Qxd7 Nxg2 20. Qxb7 Nxe1 21. Rxd8 Nxf3+ 22. Kg2 Rfxd8 23. Kxf3 Bf8 24. Qxa6 Rc2 25. Qb6 Rd3+ 26. Ke4 Rd5 27. Na5 h5 28. Qb8 g5 29. f4 g4 30. Ke3 Kg7 31. Nb3 Rxh2 32. f5 exf5 33. Qe8 Rh1 34. Kf2 h4 35. Qc6 hxg3+ 36. Kxg3 Rh3+ 37. Kg2 Rxe5 38. Nd4 Bc5 39. Qd7 Bxd4 40. Qxd4 Rhe3 0-1

[Event "URS-ch44 First League"]
[Site "Minsk"]
[Date "1976.??.??"]
[Round "?"]
[White "Tseshkovsky, Vitaly"]
[Black "Ivanov, Igor V"]
[Result "1-0"]
[WhiteElo "2550"]
[BlackElo "2365"]
[PlyCount "82"]
[GameId "1114897962881024"]
[EventDate "1976.10.??"]
[EventType "tourn"]
[EventRounds "17"]
[EventCountry "URS"]
[SourceTitle "EXT 2001"]
[Source "ChessBase"]
[SourceDate "2000.11.22"]
[SourceVersion "1"]
[SourceVersionDate "2000.11.22"]
[SourceQuality "1"]

1. e4 e5 2. Nf3 Nc6 3. Bb5 a6 4. Ba4 Nf6 5. O-O Be7 6. Re1 b5 7. Bb3 O-O 8. c3 d5 9. exd5 Nxd5 10. Nxe5 Nxe5 11. Rxe5 c6 12. d4 Bd6 13. Re1 Qh4 14. g3 Qh3 15. Be3 Re8 16. Bxd5 cxd5 17. Qf3 Ra7 18. Nd2 Rae7 19. a4 bxa4 20. Rxa4 h5 21. Ra5 Bb7 22. Raa1 h4 23. Qh5 Bc8 24. Nf3 hxg3 25. Qxh3 Bxh3 26. hxg3 Bxg3 27. fxg3 Rxe3 28. Rxe3 Rxe3 29. Kf2 Re6 30. Ra5 Rf6 31. Ke3 Re6+ 32. Kd2 Rg6 33. Rxd5 f6 34. Ng1 Be6 35. Rd6 Bc4 36. Ne2 Kf7 37. Rd7+ Ke6 38. Nf4+ Kxd7 39. Nxg6 Ke6 40. Ke3 Ba2 41. Nf4+ Kf5 1-0

[Event "URS"]
[Site "Soviet Union"]
[Date "1977.??.??"]
[Round "?"]
[White "Ivanov, Igor V"]
[Black "Kapengut, Albert Z"]
[Result "0-1"]
[WhiteElo "2420"]
[BlackElo "2460"]
[PlyCount "64"]
[GameId "1114897988943872"]
[EventDate "1977.??.??"]
[EventType "game"]
[EventRounds "9"]
[EventCountry "URS"]
[SourceTitle "EXT 2010"]
[Source "ChessBase"]
[SourceDate "2009.11.30"]
[SourceVersion "1"]
[SourceVersionDate "2009.11.30"]
[SourceQuality "1"]

1. d4 Nf6 2. c4 c5 3. d5 e6 4. Nc3 exd5 5. cxd5 d6 6. Nf3 g6 7. g3 Bg7 8. Bg2 O-O 9. O-O Re8 10. Bf4 Nh5 11. Bg5 Qb6 12. Qd2 Na6 13. h3 f6 14. Be3 f5 15. Rab1 Bd7 16. Bh6 Bh8 17. Ng5 c4 18. e3 Nc5 19. b3 Qb4 20. Rfc1 cxb3 21. axb3 a5 22. Ne6 Nxb3 23. Qd1 a4 24. Na2 Qa5 25. Rc2 Rac8 26. Kh2 Rxc2 27. Qxc2 Rc8 28. Qd1 b5 29. Nd4 Qd2 30. Qxd2 Nxd2 31. Rd1 Ne4 32. g4 Nxf2 0-1

[Event "URS"]
[Site "Soviet Union"]
[Date "1977.??.??"]
[Round "?"]
[White "Vitolinsh, Alvis"]
[Black "Ivanov, Igor V"]
[Result "0-1"]
[WhiteElo "2425"]
[BlackElo "2420"]
[PlyCount "66"]
[GameId "1114897989156864"]
[EventDate "1977.??.??"]
[EventType "game"]
[EventRounds "9"]
[EventCountry "URS"]
[SourceTitle "EXT 2010"]
[Source "ChessBase"]
[SourceDate "2009.11.30"]
[SourceVersion "1"]
[SourceVersionDate "2009.11.30"]
[SourceQuality "1"]

1. e4 c5 2. Nf3 d6 3. d4 cxd4 4. Nxd4 Nf6 5. Nc3 a6 6. Bg5 Nc6 7. Bxf6 gxf6 8. Be2 Qb6 9. Nb3 f5 10. Nd5 Qd8 11. exf5 Bxf5 12. O-O Bg7 13. c3 O-O 14. Kh1 Kh8 15. f4 Be4 16. Bf3 Bxf3 17. Qxf3 e6 18. Ne3 f5 19. Rae1 Qd7 20. h3 Rf7 21. Qd1 Rd8 22. a4 Rf6 23. Qd3 Rg6 24. Nd2 Qc7 25. b4 d5 26. Nc2 Rg8 27. b5 axb5 28. axb5 Nd8 29. c4 Bf6 30. cxd5 Rxg2 31. Rg1 Qg7 32. Qf1 Rxg1+ 33. Qxg1 Qc7 0-1

[Event "URS Farmers-ch"]
[Site "Soviet Union"]
[Date "1977.??.??"]
[Round "?"]
[White "Ivanov, Igor V"]
[Black "Averkin, Orest Nikolaevich"]
[Result "1-0"]
[WhiteElo "2420"]
[BlackElo "2455"]
[PlyCount "55"]
[GameId "1114897989967872"]
[EventDate "1977.??.??"]
[EventType "tourn"]
[EventRounds "17"]
[EventCountry "URS"]
[SourceTitle "EXT 2010"]
[Source "ChessBase"]
[SourceDate "2009.11.30"]
[SourceVersion "1"]
[SourceVersionDate "2009.11.30"]
[SourceQuality "1"]

1. Nf3 Nf6 2. c4 e6 3. g3 b6 4. Bg2 Bb7 5. O-O c5 6. Nc3 Be7 7. d4 cxd4 8. Qxd4 d6 9. Rd1 a6 10. Ng5 Bxg2 11. Kxg2 O-O 12. Nce4 Ra7 13. Be3 h6 14. Nf3 Rd7 15. Rd2 Qc7 16. Nxf6+ Bxf6 17. Qg4 Rc8 18. Bxh6 Qxc4 19. e4 d5 20. Re1 dxe4 21. Rxe4 Qxa2 22. Rf4 Bxb2 23. Rf6 g6 24. Ne5 Qb1 25. Rxb2 Qxb2 26. Rxf7 Qc2 27. Qxe6 Qe4+ 28. Kh3 1-0

[Event "Vilnius"]
[Site "Vilnius"]
[Date "1977.??.??"]
[Round "?"]
[White "Vorotnikov, Vladislav V"]
[Black "Ivanov, Igor V"]
[Result "0-1"]
[WhiteElo "2420"]
[BlackElo "2420"]
[PlyCount "32"]
[GameId "1114897991380992"]
[EventDate "1977.??.??"]
[EventType "tourn"]
[EventRounds "9"]
[EventCountry "URS"]
[SourceTitle "EXT 2002"]
[Source "ChessBase"]
[SourceDate "2001.11.25"]
[SourceVersion "1"]
[SourceVersionDate "2001.11.25"]
[SourceQuality "1"]

1. e4 e5 2. Nc3 Nf6 3. g3 Bb4 4. Bg2 O-O 5. Nge2 c6 6. O-O d5 7. d4 exd4 8. Qxd4 c5 9. Qd1 dxe4 10. Nxe4 Nxe4 11. Bxe4 Qe7 12. Qd3 Re8 13. Bxh7+ Kh8 14. c3 c4 15. Qc2 Qxe2 16. cxb4 Qxf1+ 0-1

[Event "UZB-ch42"]
[Site "Tashkent"]
[Date "1977.03.??"]
[Round "?"]
[White "Mukhin, Evgeny B"]
[Black "Ivanov, Igor V"]
[Result "0-1"]
[WhiteElo "2320"]
[BlackElo "2420"]
[PlyCount "56"]
[GameId "1114897991331840"]
[EventDate "1977.03.??"]
[EventType "tourn"]
[EventRounds "15"]
[EventCountry "URS"]
[SourceTitle "EXT 2002"]
[Source "ChessBase"]
[SourceDate "2001.11.25"]
[SourceVersion "1"]
[SourceVersionDate "2001.11.25"]
[SourceQuality "1"]

1. e4 c5 2. Nf3 Nc6 3. d4 cxd4 4. Nxd4 Nf6 5. Nc3 d6 6. Bg5 e6 7. Qd3 a6 8. O-O-O h6 9. Bf4 Bd7 10. Nb3 Ne5 11. Qe2 b5 12. a3 Qc7 13. Bg3 Rc8 14. f4 Nc4 15. Rd3 g6 16. Be1 Bg7 17. g4 O-O 18. Bg2 a5 19. Bf3 b4 20. axb4 axb4 21. Nd1 Qa7 22. Bxb4 Ra8 23. c3 Qa2 24. Rd4 Bb5 25. Kc2 Rfc8 26. e5 Nd5 27. Bxd5 exd5 28. Nc1 Ba4+ 0-1

[Event "Khodzhaev Memorial-06"]
[Site "Tashkent"]
[Date "1977.10.??"]
[Round "?"]
[White "Mukhin, Evgeny B"]
[Black "Ivanov, Igor V"]
[Result "0-1"]
[WhiteElo "2320"]
[BlackElo "2420"]
[PlyCount "86"]
[GameId "1114897982607360"]
[EventDate "1977.10.06"]
[EventType "tourn"]
[EventRounds "15"]
[EventCountry "URS"]
[SourceTitle "EXT 2002"]
[Source "ChessBase"]
[SourceDate "2001.11.25"]
[SourceVersion "1"]
[SourceVersionDate "2001.11.25"]
[SourceQuality "1"]

1. e4 e5 2. Nf3 Nc6 3. Bb5 a6 4. Ba4 Nf6 5. O-O Be7 6. Re1 b5 7. Bb3 d6 8. c3 O-O 9. h3 Na5 10. Bc2 c5 11. d4 Qc7 12. Nbd2 Be6 13. d5 Bd7 14. b3 Nb7 15. Bd3 a5 16. Qe2 b4 17. a4 Nh5 18. Nc4 g6 19. Bh6 Rfb8 20. Rac1 Bf8 21. Qd2 Bxh6 22. Qxh6 f6 23. cxb4 axb4 24. Nh2 Rf8 25. Ng4 Nd8 26. g3 Nf7 27. Qd2 Kh8 28. Kg2 f5 29. exf5 gxf5 30. Nh6 f4 31. Nf5 Bxf5 32. Bxf5 Ng5 33. Bg4 Nf6 34. f3 Nxg4 35. hxg4 Qg7 36. Rh1 e4 37. gxf4 exf3+ 38. Kf1 Ne4 39. Qh2 Ra7 40. Qh6 Ng3+ 41. Kf2 Nxh1+ 42. Rxh1 Qd4+ 43. Kg3 Rf6 0-1

[Event "Vladivostok Zaitsev Memorial"]
[Site "Vladivostok"]
[Date "1978.??.??"]
[Round "?"]
[White "Gufeld, Eduard"]
[Black "Ivanov, Igor V"]
[Result "1/2-1/2"]
[WhiteElo "2525"]
[BlackElo "2415"]
[PlyCount "68"]
[GameId "1114898045329408"]
[EventDate "1978.??.??"]
[EventType "tourn"]
[EventRounds "15"]
[EventCountry "URS"]
[SourceTitle "EXT 2002"]
[Source "ChessBase"]
[SourceDate "2001.11.25"]
[SourceVersion "1"]
[SourceVersionDate "2001.11.25"]
[SourceQuality "1"]

1. e4 c5 2. Nf3 Nc6 3. d4 cxd4 4. Nxd4 Nf6 5. Nc3 d6 6. Bg5 e6 7. Qd2 a6 8. O-O-O Qb6 9. Nb3 Qc7 10. Be2 b5 11. Bxf6 gxf6 12. Bh5 Bb7 13. f4 O-O-O 14. Qf2 Kb8 15. Kb1 Rc8 16. a3 Rg8 17. Rd3 b4 18. axb4 Nxb4 19. Rg3 Rxg3 20. hxg3 f5 21. exf5 Bg7 22. Bf3 Bxc3 23. bxc3 Nd5 24. Bxd5 Bxd5 25. Rxh7 exf5 26. Qd4 Bxb3 27. cxb3 Qxc3 28. Qb6+ Ka8 29. Qxa6+ Kb8 30. Qxd6+ Rc7 31. Qb6+ Rb7 32. Qd6+ Ka7 33. Qa3+ Kb8 34. Qf8+ Ka7 1/2-1/2

[Event "Vladivostok Zaitsev Memorial"]
[Site "Vladivostok"]
[Date "1978.??.??"]
[Round "?"]
[White "Ivanov, Igor V"]
[Black "Psakhis, Lev"]
[Result "1-0"]
[WhiteElo "2415"]
[BlackElo "2480"]
[PlyCount "119"]
[GameId "1114898045341696"]
[EventDate "1978.??.??"]
[EventType "tourn"]
[EventRounds "15"]
[EventCountry "URS"]
[SourceTitle "EXT 2002"]
[Source "ChessBase"]
[SourceDate "2001.11.25"]
[SourceVersion "1"]
[SourceVersionDate "2001.11.25"]
[SourceQuality "1"]

1. d4 Nf6 2. c4 e6 3. Nc3 Bb4 4. e3 b6 5. Nge2 Ne4 6. Qc2 Bb7 7. a3 Bxc3+ 8. Nxc3 Nxc3 9. Qxc3 O-O 10. b3 d6 11. Bb2 Nd7 12. O-O-O Qe7 13. h4 f5 14. f3 e5 15. Bd3 Rae8 16. Bc2 a5 17. d5 Bc8 18. f4 Qf7 19. h5 h6 20. g4 fxg4 21. Bg6 Qe7 22. Rhg1 exf4 23. Bxe8 Rxe8 24. Rxg4 Nf6 25. Rgg1 Nxh5 26. Rd2 f3 27. e4 Qf7 28. Qe3 Kh7 29. Rh2 Rg8 30. Rgh1 g6 31. a4 Re8 32. Bc3 Bg4 33. Kb2 Qe7 34. Re1 Qg5 35. Qd4 Qe5 36. Qg1 Qf4 37. Bd2 Qf6+ 38. Bc3 Qf4 39. Bd2 Qf6+ 40. Ka2 Qe5 41. Rh4 Bd7 42. Qe3 Qg5 43. Qxg5 hxg5 44. Bxg5 Bf5 45. Bd8 Rxe4 46. Rhxe4 Bxe4 47. Bxc7 g5 48. Bxb6 Bd3 49. Rg1 Kg6 50. Be3 Nf4 51. Rg3 Be4 52. b4 axb4 53. a5 Kh5 54. a6 Kh4 55. Bf2 Kh5 56. a7 Nxd5 57. cxd5 Bxd5+ 58. Kb2 g4 59. Rg1 Kg5 60. Rd1 1-0

[Event "Vladivostok Zaitsev Memorial"]
[Site "Vladivostok"]
[Date "1978.??.??"]
[Round "?"]
[White "Ivanov, Igor V"]
[Black "Sergievsky, Vladimir D"]
[Result "1-0"]
[WhiteElo "2415"]
[BlackElo "2070"]
[PlyCount "117"]
[GameId "1114898045349888"]
[EventDate "1978.??.??"]
[EventType "tourn"]
[EventRounds "15"]
[EventCountry "URS"]
[SourceTitle "EXT 2002"]
[Source "ChessBase"]
[SourceDate "2001.11.25"]
[SourceVersion "1"]
[SourceVersionDate "2001.11.25"]
[SourceQuality "1"]

1. c4 e5 2. Nc3 d6 3. g3 f5 4. d4 exd4 5. Qxd4 Nc6 6. Qd2 g6 7. b3 Bg7 8. Bb2 Nf6 9. Bg2 O-O 10. Nh3 Qe7 11. Nf4 Ne5 12. h4 h5 13. Ncd5 Qf7 14. Nxf6+ Qxf6 15. Rd1 Kh7 16. O-O Nf3+ 17. exf3 Qxb2 18. Qxb2 Bxb2 19. Rfe1 Be5 20. Nd5 c6 21. Nc7 Rb8 22. f4 Bc3 23. Re7+ Kh8 24. Ne8 Bb4 25. Nxd6 Kg8 26. Bf1 Rd8 27. c5 b5 28. Rc1 Ba3 29. Rc2 Bd7 30. Re5 a6 31. Bg2 Kf8 32. Bf3 Kg8 33. Kg2 Kf8 34. Rce2 Kg8 35. R2e3 Bc1 36. Re1 Bb2 37. R5e2 Ba3 38. Rc2 Kf8 39. Rd1 Ke7 40. Rd4 a5 41. Rd3 Kf8 42. Re3 Ra8 43. Re5 Ra7 44. Be2 Be8 45. Re6 Re7 46. Re5 Bd7 47. Bf3 Rb8 48. Rce2 Rh7 49. Kf1 Rg7 50. Ke1 Bb4+ 51. Kf1 Bc3 52. R5e3 Bd4 53. Rd3 Bxc5 54. a4 bxa4 55. bxa4 Rb4 56. Rc2 Bd4 57. Bxc6 Rb6 58. Bxd7 Rxd6 59. Bb5 1-0

[Event "UZB-ch43"]
[Site "Tashkent"]
[Date "1978.04.??"]
[Round "?"]
[White "Ivanov, Igor V"]
[Black "Mukhin, Evgeny B"]
[Result "1-0"]
[WhiteElo "2415"]
[BlackElo "2320"]
[PlyCount "71"]
[GameId "1114898045231104"]
[EventDate "1978.04.08"]
[EventType "tourn"]
[EventRounds "17"]
[EventCountry "URS"]
[SourceTitle "EXT 2002"]
[Source "ChessBase"]
[SourceDate "2001.11.25"]
[SourceVersion "1"]
[SourceVersionDate "2001.11.25"]
[SourceQuality "1"]

1. d4 Nf6 2. c4 e6 3. Nf3 c5 4. d5 exd5 5. cxd5 d6 6. Nc3 g6 7. e4 Bg7 8. Bg5 h6 9. Bh4 O-O 10. Nd2 a6 11. a4 b6 12. Be2 Ra7 13. O-O Re8 14. Qc2 Nbd7 15. h3 Nf8 16. Nc4 N8h7 17. Bg3 Bf8 18. f4 Rb7 19. Bf3 b5 20. axb5 axb5 21. Na5 Rb6 22. Nc6 Qc7 23. Ra7 Bb7 24. e5 dxe5 25. fxe5 Ng5 26. Qf2 Nfh7 27. h4 Nxf3+ 28. Qxf3 Qd7 29. Na5 b4 30. Na4 Rb5 31. Nxb7 c4 32. Qxf7+ Qxf7 33. Rxf7 Rxd5 34. Nd6 Rexe5 35. Bxe5 Rxe5 36. Nxc4 1-0

[Event "URS-ch46 Semifinal"]
[Site "Daugavpils"]
[Date "1978.??.??"]
[Round "?"]
[White "Ivanov, Igor V"]
[Black "Kupreichik, Viktor"]
[Result "1-0"]
[WhiteElo "2415"]
[BlackElo "2490"]
[PlyCount "151"]
[GameId "1114898064363520"]
[EventDate "1978.06.??"]
[EventType "swiss"]
[EventRounds "13"]
[EventCountry "URS"]
[SourceTitle "MCD"]
[Source "ChessBase"]
[SourceVersion "1"]
[SourceQuality "1"]

1. d4 Nf6 2. c4 e6 3. Nc3 Bb4 4. e3 b6 5. Nge2 O-O 6. a3 Be7 7. e4 d5 8. e5 Ne8 9. cxd5 exd5 10. g3 c6 11. Bg2 Nc7 12. O-O Nd7 13. f4 f5 14. g4 g6 15. gxf5 gxf5 16. Ng3 Rf7 17. Qc2 Nf8 18. Nd1 Qd7 19. Ne3 Ng6 20. Bh3 Nh4 21. b4 Qe6 22. Bd2 Bd7 23. a4 Rc8 24. Kh1 Kh8 25. Rf2 c5 26. bxc5 bxc5 27. Ne2 cxd4 28. Nxd4 Qb6 29. Qd3 Ne6 30. Nxe6 Qxe6 31. Rc1 Bc5 32. Rxc5 Rxc5 33. Qd4 Rc8 34. Rf1 Rg7 35. Be1 Rc4 36. Qb2 Qh6 37. e6 Qxe6 38. Bxh4 d4 39. Ng2 Rc3 40. Re1 Qd6 41. Bg3 Re7 42. Kg1 a5 43. Rd1 Bxa4 44. Ra1 Rc2 45. Qa3 Qxa3 46. Rxa3 Rc1+ 47. Ne1 Bd7 48. Rxa5 d3 49. Rd5 Rd1 50. Bh4 Re3 51. Rxd7 Rxh3 52. Bf6+ Kg8 53. Kg2 Re3 54. Nf3 Re2+ 55. Kg3 d2 56. Bc3 Kf8 57. Bxd2 Kg8 58. Rd5 h6 59. Rd7 Rf1 60. Rd8+ Kh7 61. Rd4 Rb1 62. Rb4 Rf1 63. Rb7+ Kg8 64. Rb2 Rff2 65. Rb8+ Kh7 66. Rb7+ Kg8 67. Bc3 Rg2+ 68. Kh3 Rg4 69. Be5 Rgg2 70. Bd4 Rg4 71. Rb8+ Kh7 72. Rb7+ Kg6 73. Ne5+ Kh5 74. Nxg4 fxg4+ 75. Kg3 Rd2 76. Be3 1-0

[Event "Khodzhaev Memorial-07"]
[Site "Tashkent"]
[Date "1978.12.??"]
[Round "?"]
[White "Ivanov, Igor V"]
[Black "Katalymov, Boris N"]
[Result "0-1"]
[WhiteElo "2415"]
[BlackElo "2415"]
[PlyCount "82"]
[GameId "1114898100285440"]
[EventDate "1978.12.26"]
[EventType "tourn"]
[EventRounds "15"]
[EventCountry "URS"]
[SourceTitle "EXT 2002"]
[Source "ChessBase"]
[SourceDate "2001.11.25"]
[SourceVersion "1"]
[SourceVersionDate "2001.11.25"]
[SourceQuality "1"]

1. Nf3 Nf6 2. c4 c6 3. d4 d5 4. cxd5 cxd5 5. Nc3 Nc6 6. Bf4 Nh5 7. Be5 f6 8. Bg3 Be6 9. e3 Nxg3 10. hxg3 Bf7 11. Qc2 g6 12. e4 e6 13. Bb5 Rc8 14. Kf1 a6 15. Bxc6+ Rxc6 16. Re1 Be7 17. g4 Kf8 18. Qd2 Kg7 19. Qh6+ Kg8 20. Qe3 Rc7 21. Rh3 dxe4 22. Nxe4 g5 23. Rd1 h5 24. gxh5 g4 25. Rg3 Kf8 26. Rxg4 f5 27. Rf4 fxe4 28. Qxe4 Bd6 29. g4 Kg7 30. Ne5 Qe8 31. Rxf7+ Rxf7 32. Nxf7 Kxf7 33. Qxb7+ Kf6 34. Qe4 Rg8 35. f3 Qb5+ 36. Qe2 Qd5 37. b3 a5 38. Re1 Bg3 39. Rd1 Rxg4 40. Qd3 Qxh5 41. Qe3 Rh4 0-1

[Event "URS"]
[Site "Soviet Union"]
[Date "1979.??.??"]
[Round "?"]
[White "Ivanov, Igor V"]
[Black "Ruderfer, Mark B"]
[Result "0-1"]
[WhiteElo "2415"]
[BlackElo "2400"]
[PlyCount "60"]
[GameId "1114898119794688"]
[EventDate "1979.??.??"]
[EventType "game"]
[EventRounds "9"]
[EventCountry "URS"]
[SourceTitle "EXT 2010"]
[Source "ChessBase"]
[SourceDate "2009.11.30"]
[SourceVersion "1"]
[SourceVersionDate "2009.11.30"]
[SourceQuality "1"]

1. Nf3 Nf6 2. c4 e6 3. d4 b6 4. g3 Ba6 5. Qa4 c6 6. Nc3 b5 7. cxb5 cxb5 8. Nxb5 Qb6 9. e3 Bb7 10. Be2 Bc6 11. Qb3 Qb7 12. O-O a6 13. Nc3 Bxf3 14. Bxf3 Qxf3 15. d5 h5 16. Qb7 h4 17. Rd1 Ne4 18. Qc8+ Ke7 19. d6+ Nxd6 20. Rxd6 h3 21. Kf1 Kxd6 22. b3 Ke7 23. Ba3+ Kf6 24. Bxf8 Qh1+ 25. Ke2 Qxa1 26. Qc5 Rxf8 27. Ne4+ Kg6 28. Qg5+ Kh7 29. Qh5+ Kg8 30. Ng5 Qb2+ 0-1

[Event "VTsSPS-ch"]
[Site "Yaroslavl"]
[Date "1979.??.??"]
[Round "?"]
[White "Ivanov, Igor V"]
[Black "Borisenko, Georgy Konstantinov"]
[Result "1/2-1/2"]
[WhiteElo "2415"]
[BlackElo "2430"]
[PlyCount "102"]
[GameId "1114898128314368"]
[EventDate "1979.02.27"]
[EventType "tourn"]
[EventRounds "15"]
[EventCountry "URS"]
[SourceTitle "EXT 2005"]
[Source "ChessBase"]
[SourceDate "2004.11.15"]
[SourceVersion "1"]
[SourceVersionDate "2004.11.15"]
[SourceQuality "1"]

1. e4 e5 2. Nf3 Nc6 3. Bb5 a6 4. Ba4 Nf6 5. O-O Be7 6. Re1 b5 7. Bb3 O-O 8. d4 d6 9. c3 Bg4 10. d5 Na5 11. Bc2 c6 12. h3 Bc8 13. dxc6 Qc7 14. Nbd2 Qxc6 15. Nf1 Nc4 16. Ng3 g6 17. b3 Nb6 18. Bh6 Re8 19. Qd2 Kh8 20. Ng5 Be6 21. Nxe6 fxe6 22. Rac1 Rac8 23. Bd3 Nfd7 24. Be2 Nc5 25. Bg4 Bh4 26. Rcd1 Rcd8 27. Bg5 Bxg5 28. Qxg5 Qc7 29. Rd2 Qe7 30. h4 Qxg5 31. hxg5 Kg7 32. Red1 Nb7 33. Rb2 Re7 34. Ne2 h6 35. f4 exf4 36. Nxf4 Rde8 37. gxh6+ Kxh6 38. g3 Nd7 39. Nd3 Nf6 40. Bf3 Rc8 41. e5 dxe5 42. Nxe5 Rxc3 43. Re2 Nc5 44. Kg2 Ncd7 45. Nxd7 Nxd7 46. Rd6 Nc5 47. b4 Nd3 48. Rxa6 Nxb4 49. Raxe6 Rxe6 50. Rxe6 Ra3 51. Rb6 Rxa2+ 1/2-1/2

[Event "VTsSPS-ch"]
[Site "Yaroslavl"]
[Date "1979.??.??"]
[Round "?"]
[White "Ivanov, Igor V"]
[Black "Kapengut, Albert Z"]
[Result "1/2-1/2"]
[WhiteElo "2415"]
[BlackElo "2465"]
[PlyCount "83"]
[GameId "1114898128318464"]
[EventDate "1979.02.27"]
[EventType "tourn"]
[EventRounds "15"]
[EventCountry "URS"]
[SourceTitle "EXT 2005"]
[Source "ChessBase"]
[SourceDate "2004.11.15"]
[SourceVersion "1"]
[SourceVersionDate "2004.11.15"]
[SourceQuality "1"]

1. d4 Nf6 2. c4 c5 3. d5 e6 4. Nc3 exd5 5. cxd5 d6 6. e4 g6 7. Nf3 Bg7 8. Be2 O-O 9. O-O Bg4 10. Bf4 Re8 11. Qc2 a6 12. a4 Qc7 13. h3 Bxf3 14. Bxf3 Nbd7 15. a5 c4 16. Ra4 b5 17. axb6 Nxb6 18. Ra5 Nfd7 19. Be3 Ne5 20. Be2 Reb8 21. Rfa1 Qc8 22. R5a2 Nbd7 23. Na4 Rb3 24. Bd2 Nd3 25. Bxd3 Rxd3 26. Bf4 Qc7 27. Ra3 Rxa3 28. Rxa3 Rb8 29. Nc3 Nc5 30. Na4 Nb3 31. Be3 a5 32. Nc3 Rb4 33. Na2 Na1 34. Qd1 Rxb2 35. Qa4 Nc2 36. Bc1 Nxa3 37. Qe8+ Bf8 38. Bxb2 Nb1 39. Bf6 c3 40. Qb5 Nd2 41. Nxc3 Qc4 42. Qxc4 1/2-1/2

[Event "VTsSPS-ch"]
[Site "Yaroslavl"]
[Date "1979.??.??"]
[Round "?"]
[White "Vorotnikov, Vladislav V"]
[Black "Ivanov, Igor V"]
[Result "1-0"]
[WhiteElo "2410"]
[BlackElo "2415"]
[PlyCount "41"]
[GameId "1114898128351232"]
[EventDate "1979.02.27"]
[EventType "tourn"]
[EventRounds "15"]
[EventCountry "URS"]
[SourceTitle "EXT 2005"]
[Source "ChessBase"]
[SourceDate "2004.11.15"]
[SourceVersion "1"]
[SourceVersionDate "2004.11.15"]
[SourceQuality "1"]

1. e4 c5 2. c3 Nf6 3. e5 Nd5 4. d4 cxd4 5. Qxd4 e6 6. Nf3 Nc6 7. Qe4 Qc7 8. Nbd2 f6 9. exf6 Nxf6 10. Qh4 d5 11. Bd3 Ne5 12. Bb5+ Kf7 13. Nxe5+ Qxe5+ 14. Be2 Qc7 15. g4 Be7 16. g5 Ne8 17. Nf3 e5 18. g6+ Kg8 19. Qh5 Bd6 20. gxh7+ Kf8 21. Nh4 1-0

[Event "URS-chT Republics 14th Group1"]
[Site "Moscow"]
[Date "1979.07.??"]
[Round "1"]
[White "Ivanov, Igor V"]
[Black "Karpov, Anatoly"]
[Result "1-0"]
[WhiteElo "2415"]
[BlackElo "2705"]
[PlyCount "84"]
[GameId "1195621869740032"]
[EventDate "1979.07.10"]
[EventType "team-tourn"]
[EventRounds "5"]
[EventCountry "URS"]
[SourceTitle "EXT 2020"]
[Source "ChessBase"]
[SourceDate "2019.10.17"]
[SourceVersion "1"]
[SourceVersionDate "2019.10.17"]
[SourceQuality "1"]
[WhiteTeam "Uzbekistan"]
[BlackTeam "Leningrad"]
[WhiteTeamCountry "UZB"]
[BlackTeamCountry "RUS"]

1. e4 c5 2. Nf3 e6 3. d4 cxd4 4. Nxd4 a6 5. Nc3 b5 6. Bd3 Bb7 7. O-O Ne7 8. Kh1 Nbc6 9. Nxc6 Nxc6 10. Qg4 h5 11. Qe2 Ne5 12. f4 Ng4 13. Rf3 Qh4 14. h3 Bc5 15. Bd2 g6 16. Raf1 Qe7 17. a3 f5 18. Re1 Qf8 19. b4 Bd4 20. a4 Rc8 21. Nd1 Qf6 22. c3 Ba7 23. axb5 axb5 24. exf5 gxf5 25. Bxb5 Bxf3 26. Qxf3 Rc7 27. c4 Bd4 28. Qd5 Kd8 29. Qd6 Nf2+ 30. Nxf2 Bxf2 31. Be3 Bxe3 32. Rxe3 Qe7 33. Qd2 Ke8 34. Qd4 Rg8 35. Qb6 Qg7 36. Qxe6+ Kd8 37. Qd5 Ra7 38. Rd3 Ra1+ 39. Kh2 Ra2 40. Bc6 Ra7 41. Qc5 Rc7 42. Qb6 Kc8 1-0

[Event "Capablanca Memorial-16 Premier I"]
[Site "Cienfuegos"]
[Date "1980.05.21"]
[Round "2"]
[White "Ivanov, Igor V"]
[Black "Rivas Pastor, Manuel"]
[Result "1/2-1/2"]
[WhiteElo "2430"]
[BlackElo "2375"]
[PlyCount "116"]
[GameId "1323214223122432"]
[EventDate "1980.05.20"]
[EventType "tourn"]
[EventRounds "13"]
[EventCountry "CUB"]
[EventCategory "7"]
[SourceTitle "EXT 2020"]
[Source "ChessBase"]
[SourceDate "2019.10.17"]
[SourceVersion "1"]
[SourceVersionDate "2019.10.17"]
[SourceQuality "1"]

1. d4 e6 2. c4 Nf6 3. Nf3 b6 4. a3 Bb7 5. Nc3 d5 6. cxd5 Nxd5 7. e3 Be7 8. Bb5+ c6 9. Bd3 Nd7 10. e4 Nxc3 11. bxc3 c5 12. O-O O-O 13. Qe2 Qc7 14. Bb2 Rac8 15. Rad1 Rfd8 16. Nd2 cxd4 17. cxd4 e5 18. Rc1 Qb8 19. d5 Nc5 20. Nc4 Nxd3 21. Qxd3 Ba6 22. Rfd1 Bd6 23. Qb3 Rxc4 24. Rxc4 Bxc4 25. Qxc4 Rc8 26. Qd3 b5 27. Bc3 Rc4 28. h3 f6 29. Rb1 Qc7 30. Bb4 a6 31. Kh2 Qb6 32. f3 Kf7 33. Qe2 Qc7 34. Qf2 Kg8 35. Rd1 Qd7 36. Qb6 Bxb4 37. axb4 Rxb4 38. Qxa6 Ra4 39. Qb6 Ra8 40. Rb1 h5 41. Rxb5 Kh7 42. Rc5 Qf7 43. h4 Ra2 44. Qc7 Qe8 45. Qc8 Qxc8 46. Rxc8 Rd2 47. Kg1 Kh6 48. Rh8+ Kg6 49. Rc8 Re2 50. Kf1 Rd2 51. Ke1 Ra2 52. Kd1 Rb2 53. Ke1 Ra2 54. Kf1 Rd2 55. g3 Ra2 56. Ke1 Rb2 57. Kd1 Ra2 58. Kc1 Ra6 {not complete} 1/2-1/2